000 00382cam a2200157ua 4500
041 _aeng
_h
082 _a332.401
_bHAL/MO
100 _aHalm, George.N .
245 _aMonetary theory /
_cN George Halm.
_hTextual Documents
250 _a2 /
_b.
260 _aMumbai :
_bAsia Publishing House ,
_c1946.
300 _a487 ; .
504 _a
942 _cBK
999 _c2173
_d2173